Arabian Peninsula Countries - Statistics

General Stats
  • This quiz has been taken 102 times
  • The average score is 7 of 7
Answer Stats
Country % Correct
Saudi Arabia
100%
Oman
99%
Yemen
99%
Qatar
98%
Kuwait
96%
United Arab Emirates
96%
Bahrain
88%
No matching quizzes found
Score Distribution
Percent of People with Each Score
Percentile by Number Answered
Your Score History
You have not taken this quiz